[Event "Sharjah op rapid"]
[Site "Sharjah"]
[Date "2014.07.07"]
[Round "6"]
[White "Santosh, Sanath"]
[Black "Valerio, Alexius"]
[Result "0-1"]
[WhiteElo "1532"]
[BlackElo "1832"]
[PlyCount "74"]
[EventDate "2014.07.05"]
[EventType "swiss (rapid)"]
[EventRounds "9"]
[EventCountry "UAE"]
[SourceTitle "CBM 161 Extra"]
[Source "ChessBase"]
[SourceDate "2014.08.29"]
[SourceVersion "1"]
[SourceVersionDate "2014.08.29"]
[SourceQuality "1"]

1. e4 c5 2. Nf3 d6 3. d4 cxd4 4. Nxd4 Nf6 5. Nc3 a6 6. Be3 e5 7. Nb3 Be6 8. f3 Be7 9. Qd2 b5 10. a3 Nbd7 11. g4 Nb6 12. h4 Qc7 13. Qf2 Nc4 14. Bxc4 Qxc4 15. 0-0-0 a5 16. g5 Nd7 17. Nd5 Bxd5 18. exd5 a4 19. Nd2 Qa2 20. Nb1 Rc8 21. c3 Nc5 22. Bxc5 Rxc5 23. Nd2 0-0 24. Ne4 Rxd5 25. Rxd5 Qxd5 26. Qa7 Qe6 27. Qb7 d5 28. Nf2 d4 29. cxd4 exd4 30. Ne4 Qa2 31. Nd2 Qe6 32. Qxb5 Qa2 33. Qb7 Bd6 34. Rd1 Rb8 35. Qxb8+ Bxb8 36. Nb1 Bf4+ 37. Kc2 Qb3# 0-1